| 000 | 01250nam a22001697a 4500 | ||
|---|---|---|---|
| 003 | NUST | ||
| 082 | _a621 | ||
| 100 |
_aIltaf, Danial _9119638 |
||
| 245 |
_aSystem Identification of Vibrational System using GMR Sensor / _cDanial Iltaf |
||
| 264 |
_aIslamabad : _b SMME- NUST; _c2023. |
||
| 300 |
_a66p. ; _bSoft Copy _c30cm. |
||
| 520 | _aIn this study, GMR Sensor AAH002-02E is used along with a standard permanent (Neodymium) magnet, Response of sensor is observed along a linear range and is calibrated for this standard magnet. GMR sensors have the ability to measure vibration without contact as they can detect variation induced in magnetic field. So, these sensors are widely used for vibration detection and measurement. Cantilever beam type system was used and an initial disturbance was applied at the free end of this cantilever beam which introduced vibration in beam. The data is collected through DAQ card. Initially the signal is in voltage vs time format which is then converted to distance vs time to visualize the motion. | ||
| 650 |
_aMS Mechanical Engineering _9119495 |
||
| 700 |
_aSupervisor : Dr. Mian Ashfaq Ali _9119639 |
||
| 856 | _uhttp://10.250.8.41:8080/xmlui/handle/123456789/37245 | ||
| 942 |
_2ddc _cTHE |
||
| 999 |
_c607292 _d607292 |
||